000 00952nam a2200277Ia 4500
001 Para_2539
003 CHAP
008 220125s1990 xx 000 0 und d
010 _a201073
040 _cCHAP
090 _aPA FOLLETO 3033
100 _aHuerta Paniagua, Roberto Antonio
_956696
245 _aGarrapatas del ganado bovino en México /
_c por Roberto Antonio Huerta Paniagua y José Alfredo S. Villagómez Cortez
260 _aChapingo, Méx. :
_b UACh. Departamento de Parasitología Agrícola
300 _a48 h.
650 _aGanado vacuno
_x Parásitos Ganado vacuno
_x México Garrapatas
_9165934
700 _aVillagómez Cortez, José Alfredo S.
_9165935
710 _aUACh. Departamento de Parasitología Agrícola
_9115877
901 _aPA FOLLETO 3033
902 _aA
905 _a0000001990 CHAa 0000000000 00
910 _a1990
942 _cPARA
942 _cPARA
_d1
999 _c201073
_d201073